000 00918nam a22002297a 4500
005 20240530110622.0
008 161226s2014 ua a f b 000 0 ara d
017 _a2013/5508
_bمصر. دار الكتب
020 _a9789776413900
040 _aEG-CaGPL
_cEG-CaGPL
082 0 4 _221
_a726.2\
_bع م
100 0 _aعبدالله كامل موسى .
245 1 2 _aالماذن فى العمارة المصرية و العالم الاسلامى /
_cعبدالله كامل موسى .
250 _aط.1
260 _aالاسكندرية :
_bدار الوفاء لدنيا الطباعة و النشر ،
_c2014 .
300 _a2 مج ؛
_c24 سم .
650 0 7 _2qrmak
_aالمآذن
_yالعصر الفاطمى .
650 0 7 _2qrmak
_aالمآذن
_yعصر المماليك .
650 0 7 _2qrmak
_aالمآذن
_yالعصر الايوبى .
942 _2ddc
_cBK
999 _c63081
_d63081